UM Logo

The levels of reading skills among Grade I pupils without preschool education and its effect to their academic performance in Central Elementary School/ (Record no. 2930)

MARC details
000 -LEADER
fixed length control field 00646nam a22001577a 4500
008 - FIXED-LENGTH DATA ELEMENTS--GENERAL INFORMATION
fixed length control field 160601b xxu||||| |||| 00| 0 eng d
082 ## - DEWEY DECIMAL CLASSIFICATION NUMBER
Edition number 2012
Classification number UT 0334
Item number F84
100 ## - MAIN ENTRY--PERSONAL NAME
9 (RLIN) 9751
Personal name Francisco, Sundew.
245 ## - TITLE STATEMENT
Title The levels of reading skills among Grade I pupils without preschool education and its effect to their academic performance in Central Elementary School/
Statement of responsibility, etc. Sundew Francisco, Ralyn Tampos and Mildred Alob.
260 ## - PUBLICATION, DISTRIBUTION, ETC. (IMPRINT)
Place of publication, distribution, etc. Digos City:
Name of publisher, distributor, etc. UMDC
Date of publication, distribution, etc. March 2012.
300 ## - PHYSICAL DESCRIPTION
Extent 32 pages;
Dimensions 28 cm.
650 #0 - SUBJECT ADDED ENTRY--TOPICAL TERM
9 (RLIN) 9750
Topical term or geographic name as entry element Elementary Education
General subdivision Undergraduate thesis.
700 ## - ADDED ENTRY--PERSONAL NAME
9 (RLIN) 9748
Personal name Tampos, Ralyn.
700 ## - ADDED ENTRY--PERSONAL NAME
9 (RLIN) 9749
Personal name Alob, Mildred.
942 ## - ADDED ENTRY ELEMENTS (KOHA)
Source of classification or shelving scheme Dewey Decimal Classification
Koha item type Undergraduate Thesis
Holdings
Withdrawn status Lost status Source of classification or shelving scheme Damaged status Not for loan Collection code Home library Current library Date acquired Total Checkouts Full call number Barcode Date last seen Price effective from Koha item type
    Dewey Decimal Classification     Undergraduate Theses UM Digos College - LIC UM Digos College - LIC 06/01/2016   UT 0334 F84 2012 UT0334 06/01/2016 06/01/2016 Undergraduate Thesis